Quiz Cultura Generale - Quiz n°31 - Statistics

Statistiche generali
  • Questo quiz è stato fatto 215 volte
  • Il punteggio medio è 5 su 15
Statistiche sulle risposte
Domanda Risposta % Corretto
Con quanti stati confina il Lussemburgo? 3
96%
Quanto è il Massimo Comun Divisore di 12, 42 e 66? 6
72%
Quale parte del corpo è colpita dalla dermatite? Cute
69%
Al 2023, chi è il Presidente del Senato italiano? Ignazio La Russa
64%
Qual è l'infinito del participio passato "secreto"? Secernere
40%
Qual è il soprannome più famoso di Parigi? La Ville Lumière
39%
Che tipo di strumento è il liuto? Strumento a corde
36%
Chi ha diretto il film "Psyco" del 1960? Alfred Hitchcock
31%
Quale ordine religioso ha fondato Sant'Ignazio di Loyola? Compagnia di Gesù
17%
Chi ha scolpito l'"Estasi di santa Teresa d'Avila"? Gian Lorenzo Bernini
15%
Qual è il il tribunale ordinario della Santa Sede? Tribunale della Rota Romana
15%
Dove si svolgeva il mercato del bestiame nell'Antica Roma? Foro Boario
13%
Com'è detto il periodo di rilassamento del muscolo cardiaco dopo la contrazione? Diastole
12%
Qual è il più famoso trofeo nello sport della vela, nonché il più antico trofeo sportivo del mondo per cui si compete nel ventunesimo secolo? America's Cup
9%
Qual è calciatore è il miglior marcatore della storia dei derby di Milano? Andrij Ševčenko
8%
Nessun quiz corrispondente trovato
Distribuzione punteggi
Percentuale di utenti per punteggio
Percentile per numero di risposta
I tuoi punteggi nel tempo
Non hai fatto questo quiz